00213nam a2200109Ia 4500008004100000041000800041082001200049100001700061245000900078260000900087365000700096240624s9999 xx 000 0 und d aeng a823 GRI aGRISHAM JOHN aFIRM c2007 cRS